00591nam a22001337a 4500008004100000040005500041080002000096245008200116260007500198500014900273650001400422653001000436653001100446230525b |||||||| |||| 00| 0 eng d aNational Science LibrarycNational Science Library aR 338(058) bK8 aProduction yearbookc/ Food and Agriculture Organization of the United Nation aRome: bFood and Agriculture Organization of the United Nation, c1968 8Vol. 17; xiii, 503p. Vol. 18; xiv, 547p. Vol. 20 (Production yearbook) ; xvi, 763p. Vol 21; xv, 794p. Vol. 24 (Production yearbook) ; xvi, 822p. aEconomic  aLand  aCrops